000 00345cam a22001217a 4500
008 180718b1966 xxu||||| |||| 00| 0 eng d
082 _aT19 K696e
100 _aKuznets, Simon
245 _aEconomic growth and structure: selected essays
_cby Simon Kuznets
260 _aLondon
_bHinemann
_c1966
300 _a378p.
650 _aEconomic Development
999 _c369981
_d369981